000 00298 a2200145 4500
001 166884
020 _a
040 _cMagnum
100 _aSlade, Peter
240 1 0 _aO jogo dramatico infantil
_lpor
245 1 0 _aO jogo dramatico infantil
362 0 _a1899
697 _aTEATRO
942 _cBK
999 _c166884
_d166884